000 00530nam a2200181Ia 4500
003 GCL
008 140319s9999 xx 000 0 ara d
040 _aGCL /
_cGCL
082 0 4 _a823.03
_bم ر
100 1 _aاسامة منزلجى
245 1 0 _aربيع اسود /
_cاسامة منزلجى
700 1 _aميللر, هنرى
300 _a181 ص
490 _aالهيئة العامة للاستعلامات
_v0
650 0 4 _aالادب الانجليزى
650 0 4 _aالقصة الانجليزية
942 _2ddc
_cBK
999 _c47509
_d47509